000 01123cam a22003137i 4500
001 23121322
005 20250417093611.0
008 230509s2024 gw a b 000 0 eng d
010 _a 2023938429
020 _a9783110789478
035 _a(OCoLC)on1369386611
042 _alccopycat
082 0 4 _a658.577 GRA
100 1 _aGray, Ian
245 1 4 _aThe Scaling Value Playbook : A Practical Guide For Creating Innovation Networks for Impact and Growth
260 _aBoston
_bDe Gruyter
_c2024
264 1 _aBerlin ;
_aBoston :
_bWalter de Gruyter GmbH,
_c[2024]
300 _a241 pages :
_bcolor illustrations ;
_c17 x 24 cm.
336 _atext
_btxt
_2rdacontent
337 _aunmediated
_bn
_2rdamedia
338 _avolume
_bnc
_2rdacarrier
504 _aIncludes bibliographical references.
650 0 _aTechnological Innovations
650 6 _aInnovations
650 7 _aBusiness & Economics ; Entrepreneurship.
906 _a7
_bcbc
_ccopycat
_d2
_encip
_f20
_gy-gencatlg
942 _cBK
999 _c43477
_d43477